000 01002nam1a22002651i 4500
001 rc\4541206
005 20260407074155.0
035 _a(NLR Aleph) 008635499
090 _a8909411
_c8909411
100 _a20130416d1968 |||y0rusy50 ca
101 0 _arus
102 _aRU
105 _ay b |||||
200 1 _aКаталог книг...
210 _aМосква
_cБ. и.
_d1968
215 _d21
606 _aБиблиотековедение
_jИздательские каталоги
_2psbo
606 _aКниговедение
_jИздательские каталоги
_2psbo
606 _aПолиграфическое производство
_jИздательские каталоги
_2psbo
608 _aБиблиография
_jИздательские каталоги
_2psbo
710 0 2 _a"Книга", издательство
_cМосква
_3RU\NLR\AUTH\8810038195
_9575231
801 0 _aRU
_bNLR
_gpsbo
801 1 _aRU
_bELAR
_2rusmarc
852 _aNLR
_jКН.100/К53
942 _cBOOK